| 000 | 04606nam a22003377a 4500 | ||
|---|---|---|---|
| 003 | NALT | ||
| 005 | 20260109131413.0 | ||
| 008 | 230201b th ||||| |||| 00| 0 tha d | ||
| 020 | _a9786164762824 | ||
| 040 | _aNALT | ||
| 050 |
_aHT 166 _bว874ม 2565 |
||
| 100 | 0 |
_aวุฒิสาร ตันไชย. _93158 |
|
| 245 | 1 | 0 |
_aเมืองเปลี่ยนประเทศเปลี่ยน : _bระบบเมือง และการพัฒนาเมืองเชิงมหภาค / _cวุฒิสาร ตันไชย และ ชัยวุฒิ ตันไชย. _h[electronic resource] |
| 250 | _aพิมพ์ครั้งที่ 1. | ||
| 260 |
_aกรุงเทพฯ : _bสถาบันพระปกเกล้า, _c2565. |
||
| 300 |
_a78 หน้า : _bภาพประกอบ ; _c21 ซม. |
||
| 300 | _aOnline resource | ||
| 505 | 1 | _aบทที่ 1 บทนำ -- บทที่ 2 เกาหลีใต้ : การพัฒนาเครือข่าบเมืองศูนย์กลางเพื่อขับเคลื่อนการพัฒนา -- บทที่ 3 อังกฤษ : ระบบเมืองความสำเร็จเบื้องหลังการกระจายอำนาจ -- บทที่ 4 อินเดีย : ตัวแบบการพัฒนาเครือข่ายเมืองอัจฉริยะในรูปแบบการแข่งขันระหว่างเมือง -- บทที่ 5 การถอดบทเรียนของประเทศไทยและแนวทางการนำตัวแบบการพัฒนามาปรับใช้. | |
| 520 | _aหนังสือเมืองเปลี่ยนประเทศเปลี่ยนเล่มนี้จะพาผู้อ่านเดินทางไปยังเมืองต่างๆ ที่ประสบความสำเร็จในแต่ละด้านของการพัฒนาเมือง ไม่ว่าจะเป็นเมืองในเกาหลีใต้ อังกฤษ หรือจะเป็นอินเดีย โดยแต่ละเมืองก็จะมีจุดเด่นของการจัดทำนโยบายหรือวิสัยทัศน์การพัฒนาที่แตกต่างกันไป แอดมินคิดว่าน่าสนใจมากเลยทีเดียว . นอกจากที่หนังสือเล่มนี้จะพาไปดูแต่ละเมืองแล้ว ในบทสุดท้ายได้มีการวิเคราะห์ ถอดบทเรียนของประเทศไทย และให้แนวทางการนำตัวแบบการพัฒนาไปใช้ ให้การพัฒนาเมืองในประเทศได้พัฒนาอย่างมีศักยภาพมากที่สุด ซึ่งสิ่งนี้เป็นประโยชน์อย่างมากสำหรับนักวิชาการ นักศึกษาที่มีความสนใจ และเป็น inspiration ให้กับผู้บริหารองค์กรปกครองส่วนท้องถิ่นให้ดึงศักยภาพของพื้นที่ ไม่ว่าจะเป็นทุนมนุษย์ ทุนที่ดิน ทุนวัฒนธรรม และทุนความหลากหลายทางชีวภาพให้เกิดประโยชน์สูงสุด. | ||
| 650 | 4 |
_922947 _aการพัฒนาเมือง |
|
| 650 | 4 |
_950827 _aเมือง _xการเจริญเติบโต |
|
| 650 | 4 |
_947310 _aการพัฒนาชุมชนเมือง |
|
| 650 | 4 |
_93803 _aการพัฒนาประเทศ |
|
| 700 | 0 |
_aชัยวุฒิ ตันไชย. _947312 |
|
| 850 | _aNALT | ||
| 856 | 4 | 0 |
_uhttps://ebook.parliament.go.th/ebookall/detail/438309 _yE-Book |
| 942 |
_cGB _2lcc |
||
| 996 |
_ajamriang.p _bCATSTF _c2026-01-09 |
||
| 999 |
_c101365 _d101365 |
||
| 998 |
_j1020 _k นางจำเรียง ระวังสำโรง |
||